000 00647nam a22002417a 4500
003 URS
005 20250828100455.0
008 250317b ||||| |||| 00| 0 eng d
040 _cURS
050 _aHD31
_b.K33 1979
100 _911243
_aKast, Fremont E.
245 _aOrganization and Management
_bA Systems and Contingency Approach
250 _a3rd Edition
264 _c©1979
300 _a644 pages.,:
336 _2rdacontent
_atext
337 _2rdamedia
_aunmediated
338 _2rdacarrier
_avolume
650 0 _93809
_aOrganization
650 0 _9965
_aManagement
700 _911244
_aRosenzweig, James Erwin
942 _2lcc
_cR
999 _c84742
_d84740